000
00313nam a22001337a 4500
008
170615b xxu||||| |||| 00| 0 eng d
020
_a
9780321364968
041
_a
eng
080
_2
3RD
_a
32
100
_a
19
101
_a
SHP
245
_a
GOOD REASONS WITH CONTEMPORARY ARGUMENTS
_c
FAIGLEY,L
942
_2
udc
_c
BK
999
_c
17569
_d
17569